|
|
|
|
| LEADER |
00000nab#a22000007a#4500 |
| 001 |
arbauad001831 |
| 003 |
AR-BaUAD |
| 005 |
20250711110452.0 |
| 008 |
930730|||||||||###||||||b###|0###a|spa|| |
| 040 |
|
|
|a AR-BaUAD
|c AR-BaUAD
|b spa
|
| 100 |
|
|
|a Kultermann, Udo
|
| 245 |
|
|
|a La "Perestroika" anunciada :
|b Europa oriental en los ochenta /
|c Udo Kultermann;
|
| 300 |
0 |
|
|b il., fot.
|
| 653 |
|
|
|a PERESTROIKA
|
| 653 |
|
|
|a 1980
|
| 773 |
0 |
|
|t Arquitectura Viva
|g no. 13 [jul.-ago. 1990], p. 7-10
|
| 942 |
|
|
|c ARTI
|
| 952 |
|
|
|0 0
|1 0
|4 0
|7 0
|9 46751
|a AR-BAuAD
|b AR-BAuAD
|d 2025-07-11
|l 0
|p AAQA001831
|r 2025-07-11 11:04:52
|w 2025-07-11
|y ARTI
|
| 990 |
|
|
|a AQ199
|b TD
|
| 998 |
|
|
|a AAQ
|b BIBUN76
|
| 999 |
|
|
|c 26424
|d 26424
|